Wird geladen...
The End Of Ideology And American Social Thought: 1930-1960
| 1. Verfasser: | |
|---|---|
| Format: | Printed Book |
| Sprache: | Undetermined |
| Veröffentlicht: |
Bombay:
Umi Reserach Press,
1979
|
| Schlagworte: |
| LEADER | 00535nam a2200157Ia 4500 | ||
|---|---|---|---|
| 008 | 200110s9999||||xx |||||||||||||| ||und|| | ||
| 080 | |a 303 |b DIT-E | ||
| 100 | |a Dittberner, Job L | ||
| 245 | 4 | |a The End Of Ideology And American Social Thought: 1930-1960 | |
| 260 | |a Bombay: |b Umi Reserach Press, |c 1979 | ||
| 300 | |a 361 p. |f HB | ||
| 500 | |a General | ||
| 650 | |a Social Thought-- Ideology | ||
| 942 | |c BK | ||
| 999 | |c 254342 |d 254342 | ||
| 952 | |0 0 |1 0 |4 0 |6 303_000000000000000_DITE |7 0 |9 270267 |a SOC |b SOC |l 0 |o 303 DIT-E |p SOC4066 |r 2020-01-14 |w 2020-01-14 |y BK | ||